000 00395nam a2200121Ia 4500
008 220615s9999||||xx |||||||||||||| ||und||
100 _aEuropean Investment Bank
245 4 _aThe EIB Climate Survey 2019-2020
546 _aEnglish[eng]
650 _aBusiness & Economics||Finance||General
856 _uhttps://library.oapen.org/bitstream/20.500.12657/43439/1/external_content.pdf
942 _cEB
999 _c16348
_d16348